000 00265nam a2200109Ia 4500
008 220216s9999 xx 000 0 und d
100 _aReghu C.P.
245 0 _aRubber Janithaka Sekharam: Thadiyulpathanam
260 _bRubber
_c2009
300 _a29-30
942 _cBS
999 _c51956
_d51956